| 000 | 00564nam a22001937a 4500 | ||
|---|---|---|---|
| 005 | 20251108165437.0 | ||
| 008 | 250721s2005 xx 000 0 ara d | ||
| 020 | _a9953811334 | ||
| 082 | 1 | 4 | _a817/جاح |
| 100 | 1 |
_aالجاحظ، عمرو بن بحر بن محبوب _eمؤلف |
|
| 245 | 1 | 0 | _aالبخلاء / |
| 264 | 1 |
_aبيروت : _bدار ابن جزم، _c2005. |
|
| 300 | _a212 ص. | ||
| 650 | 1 | 7 | _aالادب العربي |
| 650 | 1 | 7 | _aالعصر العباسي |
| 650 | 1 | 7 | _aالاهاجي و الفكاهه |
| 942 |
_2ddc _cBK |
||
| 999 |
_c28043 _d28043 |
||